Prví v strednej Európe

Podľa legislatívneho návrhu by sa malo Slovensko stať prvou krajinou v strednej Európe, ktorá bude zálohovať jednorazové nápojové obaly. Pripravenosť predajcov na zmenu legislatívy, vyplývajúce riziká a náročnosť. Čo je povinné dodržiavať v rámci veľkosti predajnej plochy.

Uložené v:
Podrobná bibliografia
Hlavný autor: Petrášová, Michaela
Médium: Kapitola
Jazyk:Slovak
Predmet:
Tagy: Pridať tag
Žiadne tagy, Buďte prvý, kto otaguje tento záznam!

MARC

LEADER 00000naa a2200000 4500
001 0257989
005 20190903141209.1
041 0 |a slo 
044 |a SK 
245 1 0 |a Prví v strednej Európe  |c Michaela Petrášová 
520 |a Podľa legislatívneho návrhu by sa malo Slovensko stať prvou krajinou v strednej Európe, ktorá bude zálohovať jednorazové nápojové obaly. Pripravenosť predajcov na zmenu legislatívy, vyplývajúce riziká a náročnosť. Čo je povinné dodržiavať v rámci veľkosti predajnej plochy. 
610 2 0 |a obaly 
610 2 0 |a ochrana prostredia životného 
610 2 0 |a recyklácia odpadu 
610 2 0 |a legislatíva 
610 2 0 |a odpad 
100 1 |a Petrášová, Michaela